MDQL
is popping MORE tags! Check the
thread
!
Quizzes
Events
Quiz Creation
Community
Videos
Private Events
Remove Ads
Sign In
Join for FREE
Feedback
Dark Mode
Quiz Categories
Sports
Geography
Music
Movies
Television
Just For Fun
Miscellaneous
History
Literature
Language
Science
Gaming
Entertainment
Religion
Holiday
For Kids
Quiz Lab
Recent
Popular Today
Quiz Kudos Today
Editor Picks
Curator Picks
Quizzes by...
Day
Popularity
Type
Ratings
Length
Year
Community
Subscriptions
Recent Discussions
Orange Saloon
Badges
Playlists
Quests
Create
Leaderboards
Showdown
Live 5
Trivia Bingo
Activity
Puzzle Library
Sporcle Events
Private Events
Virtual Trivia
Globe League
Become a Host
Pub Owners
SporcleCon
Opinionation
Our Games
Videos
Blog
Mobile Apps
Partnerships
Remove Ads and Go Orange
Feedback
Gaming
Video Games
Board Games
Card Games
Pokémon
Mario
Nintendo
Minecraft
Console
Toys
Legend of Zelda
Gaming
Video Games
Board Games
Card Games
Pokémon
Mario
Nintendo
Minecraft
Console
Toys
Legend of Zelda
Random Quiz
Search Sporcle
×
Quiz Lab
Quiz Lab
Gaming
mission
Type in answers that appear in a list
Type in answers that appear in a list
Classic
Best Score? Go Orange.
Payday 2 Missions Stats
Can you name the Payday 2 missions
By
Journey2688
10m
24 Questions
784 Plays
784 Plays
784 Plays
Comments
Comments
Give Quiz Kudos
Give Quiz Kudos
-
- Ratings
hide this ad
More Info
Replay
Link that replays current quiz
Next Quiz
Link to next quiz in quiz playlist
You Got
0%
They Got
Avg Score
56%
Avg Friend Score
Upgrade to see
Score Distribution
Jump to the score distribution portion of the page
Score
0/24
Timer
10:00
0
Plays Today
Mission Controller
Mission
% Correct
Bain
Bank Heist
82.3%
Hector
Rats
77.4%
The Dentist
The Big Bank
75.2%
Hector
Firestarter
73.3%
The Elephant
Framing Frame
69.1%
Hector
Watchdogs
67.3%
Vlad
Four Stores
66.9%
The Elephant
Big Oil
66.2%
The Elephant
Election Day
66%
Bain
Jewelry Store
65.5%
Vlad
Mallcrasher
62.6%
Bain
Diamond Store
61.4%
Mission Controller
Mission
% Correct
Bain
Bank Heist: Gold
61%
Bain
Bank Heist: Deposit
56%
Bain
Bank Heist: Cash
55.6%
Bain
Shadow Raid
54.9%
Vlad
Nightclub
53%
Bain
Go Bank
44.4%
Vlad
Ukranian Job
39.8%
Bain
Transport: Park
34.1%
Bain
Transport: Crossroads
30.4%
Bain
Transport: Underpass
30.3%
Bain
Transport: Downtown
28.4%
Bain
Transport: Harbor
27.5%
Quiz Playlist
Details
Report
Send in Message
Add To Playlist
More Info:
Includes DLC Missions. Does not include "Pro" Missions.
Classic:
Type in answers that appear in a list
Last Updated: Feb 16, 2017
Quiz Scoreboard
CHALLENGE
Sign Up to Join the Scoreboard
Show All
Scores
Hide
Comments
May contain spoilers
Recently Published
Image Sorting: Flags VI
by Barbecue
Geography
2m
Find the 'City' Movie
by crazypaving
Movies
60s
Colored Red Africa Blitz
by spor1
Geography
45s
More to Explore
Quiz From the Vault
Featured Blog Post
14 Easter Pick-up Lines to Find Eggs With
hide this ad
You Might Also Like...
Tags
Controller
mission
Today's Top Quizzes in Gaming
Browse Gaming
hide this ad
Today's Top Quizzes in mission
Browse mission
Top Contributed Quizzes in Gaming
1
League of Legends Pro Players by Career/Team History
2
Destiny 2 exotic weapons by perk icons
3
Genshin murder mystery
4
Dead By Daylight Logic Puzzle
5
Genshin Impact Logic Puzzle
6
Overwatch Logic Puzzle
7
4x4 Decades: Video Games
8
Who's on the WWE 2K24 Cover?
9
Overwatch 2: Ultimate Ability Icons
10
Valorant Agent Developer Names (Up to Clove)
Explore More
Trending Topics
Kpop
NBA
Harry Potter
Marvel
Disney
Crossword
Anime
Song
Puzzle
WWE
NFL
Country
The Office
Soccer
Pokémon
hide this ad
More By:
Journey2688
Quiz
Plays
Rating
Category
Featured
Created
Skyrim Trivia
4,336
4.25
Gaming
Apr 22, 2012
Payday 2 Missions
784
3.00
Gaming
Jul 26, 2014
Journey Songs
331
2.40
Music
Jan 24, 2013
Keys on a Keyboard
245
2.38
Science
Nov 23, 2014
'Big Five' Football Clubs
186
2.75
Sports
Sep 17, 2014
Go to Creator's Profile
Score Distribution
Quiz Creator Spotlight
Journey2688
Follow
Send a Message
Quizzes Created
-
Created Quiz Play Count
-
More By This Creator
Popular Quizzes Today
1
Colored Red Africa Blitz
2
Find the US States - No Outlines Minefield
3
Find the 'City' Movie
4
5x2 Blitz: Bands
5
The Countries of the World
6
Find the US States
7
Find the Countries of Europe - No Outlines Minefield
8
US States
More Gaming Quizzes
Euro 2020 gaming
Editor's Pick
Trending Quizzes
Colored Red Europe Blitz I
Colored Red Europe Blitz II
Colored Red Africa Blitz II
Colored Red Europe Blitz III
Colored Red Africa Blitz III
Recently Updated
How Do You Spell That?
pecheneg
Godzilla Movies
pecheneg
Grab Bag: 4-10 Letters
pecheneg
2024 March Madness Bracket
pecheneg
Famous TV Couples
Peacemaker
Champions League XIs: Real Madrid
pecheneg
Largest US Cities 1790-2010
pecheneg
Rides in Walt Disney World
pecheneg
Most Oscar Losses (Acting)
pecheneg
Beyoncé Albums
pecheneg
Trending Topics
Kpop
Anime
NBA
Crossword
Harry Potter
Marvel
Disney
Pokémon
NFL
Song
Country
Puzzle
The Office
Soccer
WWE
Your Account Isn't Verified!
In order to create a playlist on Sporcle, you need to verify the email address you used during registration. Go to your
Sporcle Settings
to finish the process.
Report this User
Report this user for behavior that violates our
Community Guidelines
.
Details:
Send Report
Go to the Sporcle.com Mobile Site →
Comments